| 000 | 00562nam a2200169 i 4500 | ||
|---|---|---|---|
| 001 | 72805 | ||
| 003 | ES-MaACL | ||
| 005 | 20230906171549.0 | ||
| 007 | t| | ||
| 008 | 040903s1917 fr ||||1| fre d | ||
| 100 | 1 |
_aLe Goffic, Charles. _970885 |
|
| 245 | 1 | 3 |
_aLe crucifié de Keralies / _cCharles Le Goffic ; auvec une introduction nouvelle par l'auteur et la preface d'Emille Ponvillon. |
| 260 |
_a[S.l. : _bs.n., _c1917] ( _eAlençon : _fGeorg. Inpot) |
||
| 300 |
_aLVI, 162 p. ; _c19 cm. |
||
| 700 | 1 |
_aPonvillon, Emille. _993068 |
|
| 852 |
_aES-MaACL _jF-2951 |
||
| 999 |
_c72805 _d72805 |
||